000 00504nam a2200181Ia 4500
005 20250326125224.0
008 250326s9999 xx 000 0 und d
037 _aTextbook
040 _aFMSL
_beng
_cFMSL
041 _aeng
_2eng
084 _aX5:54 L2
_qFMSL
100 _aMeerhaeghe M A G V
_9738682
245 0 _aInternational economics
_cMeerhaeghe M A G V
260 _aGreat
_bGreat, Britain Longman
_c1972
300 _a260p
942 _cTB
_hX5:54 L2
999 _c1277071
_d1277071